| 000 | 00528nam a2200205Ia 4500 | ||
|---|---|---|---|
| 003 | OSt | ||
| 005 | 20251120093842.0 | ||
| 008 | 210210b1932 xxu||||| |||| 00| 0 eng d | ||
| 040 | _cAL | ||
| 041 | _aKannada | ||
| 082 | _a851/347 | ||
| 100 |
_aMUDDANA _dಮುದ್ದಣ _9246460 |
||
| 245 |
_aHu gonchalu _bಹೂ ಗೊಂಚಲು |
||
| 260 |
_aKollapura _bKarnataka Sangha _c1932 |
||
| 650 |
_aHu _9246461 |
||
| 650 |
_agonchalu _9246462 |
||
| 690 |
_aKonkani Poetry _9246463 |
||
| 906 | _a018365 | ||
| 942 |
_2ddc _cBK |
||
| 999 |
_c141482 _d141482 |
||